000 01083nam a2200217Ia 4500
999 _c40282
_d40282
001 6890
003 GE_BSU
005 20200203171851.0
008 181216s1991||||ge |||||||||||||| ||geo||
040 _cGE_BSU
041 _ageo
080 _a821.353.1.09 გ-74
100 _aგოჩელაშვილი, ლელა.
_96739
245 _aმოშაირე არა ჰქვიან :
_bქართული ლიტერატურის ისტორია და კრიტიკა /
_cლელა გოჩელაშვილი ; რედ. ს .სიგუა.
264 _aთბილისი :
_bსაქართველოს წიგნის მოყვარულთა საზოგადოება,
_c1991.
300 _a64 გვ. ;
_c13 სმ.
653 _aმოშაირე არა ჰქვიან
653 _aქართული ლიტერატურის ისტორია და კრიტიკა
700 _aსიგუა, ს.
_eრედაქტორი
_94626
942 _cBK
_2udc